The offsite a leadership challenge fable /

Bibliographic Details
Main Author: Thompson, Robert H., 1947-
Corporate Author: ProQuest (Firm)
Other Authors: Kouzes, James M., 1945-
Format: Electronic eBook
Language:English
Published: San Francisco, CA : Jossey-Bass, c2008.
Edition:1st ed.
Subjects:
Online Access:Click to View
LEADER 01342nam a2200385Ia 4500
001 EBC333841
003 MiAaPQ
005 20200520144314.0
006 m o d |
007 cr cn|||||||||
008 071005s2008 cau s 000 0 eng d
010 |z  2007041310 
020 |z 9780470189825 (cloth) 
020 |z 9780470229132 
020 |z 0470189827 (cloth) 
035 |a (MiAaPQ)EBC333841 
035 |a (Au-PeEL)EBL333841 
035 |a (CaPaEBR)ebr10226821 
035 |a (CaONFJC)MIL123730 
035 |a (OCoLC)437202740 
040 |a MiAaPQ  |c MiAaPQ  |d MiAaPQ 
050 4 |a HD57.7  |b .T4674 2008 
100 1 |a Thompson, Robert H.,  |d 1947- 
245 1 4 |a The offsite  |h [electronic resource] :  |b a leadership challenge fable /  |c Robert H. Thompson. 
250 |a 1st ed. 
260 |a San Francisco, CA :  |b Jossey-Bass,  |c c2008. 
300 |a xiii, 187 p. 
500 |a "Foreword by Jim Kouzes". 
533 |a Electronic reproduction. Ann Arbor, MI : ProQuest, 2015. Available via World Wide Web. Access may be limited to ProQuest affiliated libraries. 
650 0 |a Leadership. 
650 0 |a Management. 
655 4 |a Electronic books. 
700 1 |a Kouzes, James M.,  |d 1945-  |t Leadership challenge. 
710 2 |a ProQuest (Firm) 
856 4 0 |u https://ebookcentral.proquest.com/lib/matrademy/detail.action?docID=333841  |z Click to View